<?xml version="1.0" encoding="UTF-8"?>
<collection xmlns="http://www.loc.gov/MARC21/slim">
 <record>
  <leader>14683nas a22015491  4500</leader>
  <controlfield tag="001">1/50307</controlfield>
  <controlfield tag="008">020625c19739999gr brzp           g0gre d</controlfield>
  <datafield tag="035" ind1=" " ind2=" ">
   <subfield code="l">23878</subfield>
  </datafield>
  <datafield tag="040" ind1=" " ind2=" ">
   <subfield code="a">GR-PeUP</subfield>
  </datafield>
  <datafield tag="090" ind1=" " ind2=" ">
   <subfield code="a">Αλφαβητική σειρά</subfield>
  </datafield>
  <datafield tag="245" ind1="0" ind2="0">
   <subfield code="a">Επιθεώρηση ναυτιλιακού δικαίου</subfield>
  </datafield>
  <datafield tag="260" ind1=" " ind2=" ">
   <subfield code="a">Αθήνα :</subfield>
   <subfield code="b">Σέργη Αντωνία,</subfield>
   <subfield code="c">1973-</subfield>
  </datafield>
  <datafield tag="300" ind1=" " ind2=" ">
   <subfield code="a">τ. ;</subfield>
   <subfield code="c">24 εκ.</subfield>
  </datafield>
  <datafield tag="310" ind1=" " ind2=" ">
   <subfield code="a">Διμηνιαίο</subfield>
  </datafield>
  <datafield tag="362" ind1="0" ind2=" ">
   <subfield code="a">Τομ. 1, τχ. 1(Ιαν. 1973) - τ. 30, τχ. 6 (Δεκ. 2002)</subfield>
  </datafield>
  <datafield tag="362" ind1="0" ind2=" ">
   <subfield code="a">Τομ. 31, τχ. 1 (Ιαν. 2003)-</subfield>
  </datafield>
  <datafield tag="546" ind1=" " ind2=" ">
   <subfield code="a">Ελληνική</subfield>
  </datafield>
  <datafield tag="650" ind1=" " ind2="4">
   <subfield code="a">Ναυτιλιακό δίκαιο</subfield>
   <subfield code="v">Περιοδικά.</subfield>
  </datafield>
  <datafield tag="852" ind1=" " ind2=" ">
   <subfield code="a">INST</subfield>
   <subfield code="b">UNIPILB</subfield>
   <subfield code="c">SERIALS</subfield>
   <subfield code="e">20050120</subfield>
   <subfield code="h">Αλφαβητική σειρά</subfield>
   <subfield code="p">39128</subfield>
   <subfield code="q">39128</subfield>
   <subfield code="t">NOLOAN</subfield>
   <subfield code="v">τομ.32;τεύχ.1:(Μήνες)Ιαν./Φεβ./ Μάρτ.;(Έτος)2004</subfield>
   <subfield code="y">23</subfield>
  </datafield>
  <datafield tag="852" ind1=" " ind2=" ">
   <subfield code="a">INST</subfield>
   <subfield code="b">UNIPILB</subfield>
   <subfield code="c">SERIALS</subfield>
   <subfield code="e">20050120</subfield>
   <subfield code="h">Αλφαβητική σειρά</subfield>
   <subfield code="p">39129</subfield>
   <subfield code="q">39129</subfield>
   <subfield code="t">NOLOAN</subfield>
   <subfield code="v">τομ.32;τεύχ.2:(Μήνες)Απρ./Μάιος;(Έτος)2004</subfield>
   <subfield code="y">23</subfield>
  </datafield>
  <datafield tag="852" ind1=" " ind2=" ">
   <subfield code="a">INST</subfield>
   <subfield code="b">UNIPILB</subfield>
   <subfield code="c">SERIALS</subfield>
   <subfield code="e">20050120</subfield>
   <subfield code="h">Αλφαβητική σειρά</subfield>
   <subfield code="p">39130</subfield>
   <subfield code="q">39130</subfield>
   <subfield code="t">NOLOAN</subfield>
   <subfield code="v">τομ.32;τεύχ.3:(Μήνες)Ιούν./Ιούλ.;(Έτος)2004</subfield>
   <subfield code="y">23</subfield>
  </datafield>
  <datafield tag="852" ind1=" " ind2=" ">
   <subfield code="a">INST</subfield>
   <subfield code="b">UNIPILB</subfield>
   <subfield code="c">SERIALS</subfield>
   <subfield code="e">20050120</subfield>
   <subfield code="h">Αλφαβητική σειρά</subfield>
   <subfield code="p">39131</subfield>
   <subfield code="q">39131</subfield>
   <subfield code="t">NOLOAN</subfield>
   <subfield code="v">τομ.32;τεύχ.4:(Μήνες)Αύγ./Σεπ.;(Έτος)2004</subfield>
   <subfield code="y">23</subfield>
  </datafield>
  <datafield tag="852" ind1=" " ind2=" ">
   <subfield code="a">INST</subfield>
   <subfield code="b">UNIPILB</subfield>
   <subfield code="c">SERIALS</subfield>
   <subfield code="e">20050322</subfield>
   <subfield code="h">Αλφαβητική σειρά</subfield>
   <subfield code="p">41557</subfield>
   <subfield code="q">41557</subfield>
   <subfield code="t">NOLOAN</subfield>
   <subfield code="v">τομ.32;τεύχ.5:(Μήνες)Οκτ./Νοέμ.;(Έτος)2004</subfield>
   <subfield code="y">23</subfield>
  </datafield>
  <datafield tag="852" ind1=" " ind2=" ">
   <subfield code="a">INST</subfield>
   <subfield code="b">UNIPILB</subfield>
   <subfield code="c">SERIALS</subfield>
   <subfield code="e">20050819</subfield>
   <subfield code="h">Αλφαβητική σειρά</subfield>
   <subfield code="p">45319</subfield>
   <subfield code="q">45319</subfield>
   <subfield code="t">NOLOAN</subfield>
   <subfield code="v">τομ.32;τεύχ.6:(Μήνας)Δεκέμβριος;(Έτος)2004</subfield>
   <subfield code="y">23</subfield>
  </datafield>
  <datafield tag="852" ind1=" " ind2=" ">
   <subfield code="a">INST</subfield>
   <subfield code="b">UNIPILB</subfield>
   <subfield code="c">SERIALS</subfield>
   <subfield code="e">20050819</subfield>
   <subfield code="h">Αλφαβητική σειρά</subfield>
   <subfield code="p">45320</subfield>
   <subfield code="q">45320</subfield>
   <subfield code="t">NOLOAN</subfield>
   <subfield code="v">τομ.33;τεύχ.1:(Μήνες)Ιαν./Φεβ./Μάρ.;(Έτος)2005</subfield>
   <subfield code="y">23</subfield>
  </datafield>
  <datafield tag="852" ind1=" " ind2=" ">
   <subfield code="a">INST</subfield>
   <subfield code="b">UNIPILB</subfield>
   <subfield code="c">SERIALS</subfield>
   <subfield code="e">20051115</subfield>
   <subfield code="h">Αλφαβητική σειρά</subfield>
   <subfield code="p">48482</subfield>
   <subfield code="q">48482</subfield>
   <subfield code="t">NOLOAN</subfield>
   <subfield code="v">τομ.33;τεύχ.2:(Μήνες)Απρ./Μάιος;(Έτος)2005</subfield>
   <subfield code="y">23</subfield>
  </datafield>
  <datafield tag="852" ind1=" " ind2=" ">
   <subfield code="a">INST</subfield>
   <subfield code="b">UNIPILB</subfield>
   <subfield code="c">SERIALS</subfield>
   <subfield code="e">20051115</subfield>
   <subfield code="h">Αλφαβητική σειρά</subfield>
   <subfield code="p">48483</subfield>
   <subfield code="q">48483</subfield>
   <subfield code="t">NOLOAN</subfield>
   <subfield code="v">τομ.33;τεύχ.3:(Μήνες)Ιούν./Ιούλ.;(Έτος)2005</subfield>
   <subfield code="y">23</subfield>
  </datafield>
  <datafield tag="852" ind1=" " ind2=" ">
   <subfield code="a">INST</subfield>
   <subfield code="b">UNIPILB</subfield>
   <subfield code="c">SERIALS</subfield>
   <subfield code="e">20060327</subfield>
   <subfield code="h">Αλφαβητική σειρά</subfield>
   <subfield code="p">50988</subfield>
   <subfield code="q">50988</subfield>
   <subfield code="t">NOLOAN</subfield>
   <subfield code="v">τομ.33;τεύχ.4:(Μήνες)Αυγ./Σεπ.;(Έτος)2005</subfield>
   <subfield code="y">23</subfield>
  </datafield>
  <datafield tag="852" ind1=" " ind2=" ">
   <subfield code="a">INST</subfield>
   <subfield code="b">UNIPILB</subfield>
   <subfield code="c">SERIALS</subfield>
   <subfield code="e">20060328</subfield>
   <subfield code="h">Αλφαβητική σειρά</subfield>
   <subfield code="p">50998</subfield>
   <subfield code="q">50998</subfield>
   <subfield code="t">NOLOAN</subfield>
   <subfield code="v">τομ.33;τεύχ.5:(Μήνες)Οκτ./Νοέμ.;(Έτος)2005</subfield>
   <subfield code="y">23</subfield>
  </datafield>
  <datafield tag="852" ind1=" " ind2=" ">
   <subfield code="a">INST</subfield>
   <subfield code="b">UNIPILB</subfield>
   <subfield code="c">SERIALS</subfield>
   <subfield code="e">20060712</subfield>
   <subfield code="h">Αλφαβητική σειρά</subfield>
   <subfield code="p">51936</subfield>
   <subfield code="q">51936</subfield>
   <subfield code="t">NOLOAN</subfield>
   <subfield code="v">τομ.34;τεύχ.1:(Μήνες)Ιαν./Φεβ./Μάρ.;(Έτος)2006</subfield>
   <subfield code="y">23</subfield>
  </datafield>
  <datafield tag="852" ind1=" " ind2=" ">
   <subfield code="a">INST</subfield>
   <subfield code="b">UNIPILB</subfield>
   <subfield code="c">SERIALS</subfield>
   <subfield code="e">20060810</subfield>
   <subfield code="h">Αλφαβητική σειρά</subfield>
   <subfield code="p">52270</subfield>
   <subfield code="q">52270</subfield>
   <subfield code="t">NOLOAN</subfield>
   <subfield code="v">τεύχ.2:(Μήνες)Απρ./Μάϊος;(Έτος)2006</subfield>
   <subfield code="y">23</subfield>
  </datafield>
  <datafield tag="852" ind1=" " ind2=" ">
   <subfield code="a">INST</subfield>
   <subfield code="b">UNIPILB</subfield>
   <subfield code="c">SERIALS</subfield>
   <subfield code="e">20061120</subfield>
   <subfield code="h">Αλφαβητική σειρά</subfield>
   <subfield code="p">53686</subfield>
   <subfield code="q">53686</subfield>
   <subfield code="t">NOLOAN</subfield>
   <subfield code="v">τομ.34;τεύχ.3:(Μήνες)Ιούν./Ιούλ./Αύγ.;(Έτος)2006</subfield>
   <subfield code="y">23</subfield>
  </datafield>
  <datafield tag="852" ind1=" " ind2=" ">
   <subfield code="a">INST</subfield>
   <subfield code="b">UNIPILB</subfield>
   <subfield code="c">SERIALS</subfield>
   <subfield code="e">20070213</subfield>
   <subfield code="h">Αλφαβητική σειρά</subfield>
   <subfield code="p">54722</subfield>
   <subfield code="q">54722</subfield>
   <subfield code="t">NOLOAN</subfield>
   <subfield code="v">τομ.34;τεύχ.4:(Μήνες)Σεπ./Οκτ.;(Έτος)2006</subfield>
   <subfield code="y">23</subfield>
  </datafield>
  <datafield tag="852" ind1=" " ind2=" ">
   <subfield code="a">INST</subfield>
   <subfield code="b">UNIPILB</subfield>
   <subfield code="c">SERIALS</subfield>
   <subfield code="e">20070607</subfield>
   <subfield code="h">Αλφαβητική σειρά</subfield>
   <subfield code="p">55901</subfield>
   <subfield code="q">55901</subfield>
   <subfield code="t">NOLOAN</subfield>
   <subfield code="v">τομ.34;τεύχ.5:(Μήνες)Νοέμ./Δεκ.;(Έτος)2006</subfield>
   <subfield code="y">23</subfield>
  </datafield>
  <datafield tag="852" ind1=" " ind2=" ">
   <subfield code="a">INST</subfield>
   <subfield code="b">UNIPILB</subfield>
   <subfield code="c">SERIALS</subfield>
   <subfield code="e">20070711</subfield>
   <subfield code="h">Αλφαβητική σειρά</subfield>
   <subfield code="p">56262</subfield>
   <subfield code="q">56262</subfield>
   <subfield code="t">NOLOAN</subfield>
   <subfield code="v">τομ.35;τεύχ.1:(Μήνες)Ιαν./Φεβ./Μάρ.;(Έτος)2007</subfield>
   <subfield code="y">23</subfield>
  </datafield>
  <datafield tag="852" ind1=" " ind2=" ">
   <subfield code="a">INST</subfield>
   <subfield code="b">UNIPILB</subfield>
   <subfield code="c">SERIALS</subfield>
   <subfield code="e">20070730</subfield>
   <subfield code="h">Αλφαβητική σειρά</subfield>
   <subfield code="p">56438</subfield>
   <subfield code="q">56438</subfield>
   <subfield code="t">NOLOAN</subfield>
   <subfield code="v">τομ.35;τεύχ.2:(Μήνες)Απρ./Μάϊος;(Έτος)2007</subfield>
   <subfield code="y">23</subfield>
  </datafield>
  <datafield tag="852" ind1=" " ind2=" ">
   <subfield code="a">INST</subfield>
   <subfield code="b">UNIPILB</subfield>
   <subfield code="c">SERIALS</subfield>
   <subfield code="e">20071206</subfield>
   <subfield code="h">Αλφαβητική σειρά</subfield>
   <subfield code="p">58806</subfield>
   <subfield code="q">58806</subfield>
   <subfield code="t">NOLOAN</subfield>
   <subfield code="v">τομ.35;τεύχ.3:(Μήνες)Ιούν./Ιούλ./Αύγ.;(Έτος)2007</subfield>
   <subfield code="y">23</subfield>
  </datafield>
  <datafield tag="852" ind1=" " ind2=" ">
   <subfield code="a">INST</subfield>
   <subfield code="b">UNIPILB</subfield>
   <subfield code="c">SERIALS</subfield>
   <subfield code="e">20080229</subfield>
   <subfield code="h">Αλφαβητική σειρά</subfield>
   <subfield code="p">59953</subfield>
   <subfield code="q">59953</subfield>
   <subfield code="t">NOLOAN</subfield>
   <subfield code="v">τομ.35;τεύχ.4:(Μήνες)Σεπ./Οκτ.;(Έτος)2007</subfield>
   <subfield code="y">23</subfield>
  </datafield>
  <datafield tag="852" ind1=" " ind2=" ">
   <subfield code="a">INST</subfield>
   <subfield code="b">UNIPILB</subfield>
   <subfield code="c">SERIALS</subfield>
   <subfield code="e">20080422</subfield>
   <subfield code="h">Αλφαβητική σειρά</subfield>
   <subfield code="p">60556</subfield>
   <subfield code="q">60556</subfield>
   <subfield code="t">NOLOAN</subfield>
   <subfield code="v">τομ.35;τεύχ.5:(Μήνες)Νοέμ./Δεκ.;(Έτος)2007</subfield>
   <subfield code="y">23</subfield>
  </datafield>
  <datafield tag="852" ind1=" " ind2=" ">
   <subfield code="a">INST</subfield>
   <subfield code="b">UNIPILB</subfield>
   <subfield code="c">SERIALS</subfield>
   <subfield code="e">20080422</subfield>
   <subfield code="h">Αλφαβητική σειρά</subfield>
   <subfield code="p">60557</subfield>
   <subfield code="q">60557</subfield>
   <subfield code="t">NOLOAN</subfield>
   <subfield code="v">(Έτος)2007:</subfield>
   <subfield code="y">23</subfield>
  </datafield>
  <datafield tag="852" ind1=" " ind2=" ">
   <subfield code="a">INST</subfield>
   <subfield code="b">UNIPILB</subfield>
   <subfield code="c">SERIALS</subfield>
   <subfield code="e">20080709</subfield>
   <subfield code="h">Αλφαβητική σειρά</subfield>
   <subfield code="p">60972</subfield>
   <subfield code="q">60972</subfield>
   <subfield code="t">NOLOAN</subfield>
   <subfield code="v">τομ.36;τεύχ.1:(Μήνες)Ιάν./Φεβ./Μάρ.;(Έτος)2008</subfield>
   <subfield code="y">23</subfield>
  </datafield>
  <datafield tag="852" ind1=" " ind2=" ">
   <subfield code="a">INST</subfield>
   <subfield code="b">UNIPILB</subfield>
   <subfield code="c">SERIALS</subfield>
   <subfield code="e">20081007</subfield>
   <subfield code="h">Αλφαβητική σειρά</subfield>
   <subfield code="p">61709</subfield>
   <subfield code="q">61709</subfield>
   <subfield code="t">NOLOAN</subfield>
   <subfield code="v">τομ.36;τεύχ.2:(Μήνες)Απρ./Μάϊος/Ιούν.;(Έτος)2008</subfield>
   <subfield code="y">23</subfield>
  </datafield>
  <datafield tag="852" ind1=" " ind2=" ">
   <subfield code="a">INST</subfield>
   <subfield code="b">UNIPILB</subfield>
   <subfield code="c">SERIALS</subfield>
   <subfield code="e">20081217</subfield>
   <subfield code="h">Αλφαβητική σειρά</subfield>
   <subfield code="p">62272</subfield>
   <subfield code="q">62272</subfield>
   <subfield code="t">NOLOAN</subfield>
   <subfield code="v">τομ.36;τεύχ.3:(Μήνες)Ιούλ./Αύγ.;(Έτος)2008</subfield>
   <subfield code="y">23</subfield>
  </datafield>
  <datafield tag="852" ind1=" " ind2=" ">
   <subfield code="a">INST</subfield>
   <subfield code="b">UNIPILB</subfield>
   <subfield code="c">SERIALS</subfield>
   <subfield code="e">20090209</subfield>
   <subfield code="h">Αλφαβητική σειρά</subfield>
   <subfield code="p">62791</subfield>
   <subfield code="q">62791</subfield>
   <subfield code="t">NOLOAN</subfield>
   <subfield code="v">τομ.36;τεύχ.4:(Μήνες)Σεπ./Οκτ.;(Έτος)2008</subfield>
   <subfield code="y">23</subfield>
  </datafield>
  <datafield tag="852" ind1=" " ind2=" ">
   <subfield code="a">INST</subfield>
   <subfield code="b">UNIPILB</subfield>
   <subfield code="c">SERIALS</subfield>
   <subfield code="e">20090720</subfield>
   <subfield code="h">Αλφαβητική σειρά</subfield>
   <subfield code="p">64440</subfield>
   <subfield code="q">64440</subfield>
   <subfield code="t">NOLOAN</subfield>
   <subfield code="v">τομ.37;τεύχ.1:(Μήνες)Ιαν./Φεβ./Μάρτ.;(Έτος)2009</subfield>
   <subfield code="y">23</subfield>
  </datafield>
  <datafield tag="852" ind1=" " ind2=" ">
   <subfield code="a">INST</subfield>
   <subfield code="b">UNIPILB</subfield>
   <subfield code="c">SERIALS</subfield>
   <subfield code="e">20091111</subfield>
   <subfield code="h">Αλφαβητική σειρά</subfield>
   <subfield code="p">65363</subfield>
   <subfield code="q">65363</subfield>
   <subfield code="t">NOLOAN</subfield>
   <subfield code="v">τομ.37;τεύχ.2:(Μήνες)Απρ./Μάϊος/Ιούν.;(Έτος)2009</subfield>
   <subfield code="y">23</subfield>
  </datafield>
  <datafield tag="852" ind1=" " ind2=" ">
   <subfield code="a">INST</subfield>
   <subfield code="b">UNIPILB</subfield>
   <subfield code="c">SERIALS</subfield>
   <subfield code="e">20091214</subfield>
   <subfield code="h">Αλφαβητική σειρά</subfield>
   <subfield code="p">65833</subfield>
   <subfield code="q">65833</subfield>
   <subfield code="t">NOLOAN</subfield>
   <subfield code="v">τομ.37;τεύχ.3:(Μήνες)Ιούλ./Αύγ.;(Έτος)2009</subfield>
   <subfield code="y">23</subfield>
  </datafield>
  <datafield tag="852" ind1=" " ind2=" ">
   <subfield code="a">INST</subfield>
   <subfield code="b">UNIPILB</subfield>
   <subfield code="c">SERIALS</subfield>
   <subfield code="e">20100120</subfield>
   <subfield code="h">Αλφαβητική σειρά</subfield>
   <subfield code="p">66347</subfield>
   <subfield code="q">66347</subfield>
   <subfield code="t">NOLOAN</subfield>
   <subfield code="v">τομ.36;τεύχ.5:(Μήνες)Νοέμ./Δεκ.;(Έτος)2008</subfield>
   <subfield code="y">23</subfield>
  </datafield>
  <datafield tag="852" ind1=" " ind2=" ">
   <subfield code="a">INST</subfield>
   <subfield code="b">UNIPILB</subfield>
   <subfield code="c">SERIALS</subfield>
   <subfield code="e">20100204</subfield>
   <subfield code="h">Αλφαβητική σειρά</subfield>
   <subfield code="p">66649</subfield>
   <subfield code="q">66649</subfield>
   <subfield code="t">NOLOAN</subfield>
   <subfield code="v">τομ.37;τεύχ.4:(Μήνες)Σεπ./Οκτ.;(Έτος)2009</subfield>
   <subfield code="y">23</subfield>
  </datafield>
  <datafield tag="852" ind1=" " ind2=" ">
   <subfield code="a">INST</subfield>
   <subfield code="b">UNIPILB</subfield>
   <subfield code="c">SERIALS</subfield>
   <subfield code="e">20100428</subfield>
   <subfield code="h">Αλφαβητική σειρά</subfield>
   <subfield code="p">67977</subfield>
   <subfield code="q">67977</subfield>
   <subfield code="t">NOLOAN</subfield>
   <subfield code="v">τομ.37;τεύχ.5:(Μήνες)Νοέμ./Δεκ.;(Έτος)2009</subfield>
   <subfield code="y">23</subfield>
  </datafield>
  <datafield tag="852" ind1=" " ind2=" ">
   <subfield code="a">INST</subfield>
   <subfield code="b">UNIPILB</subfield>
   <subfield code="c">SERIALS</subfield>
   <subfield code="e">20100707</subfield>
   <subfield code="h">Αλφαβητική σειρά</subfield>
   <subfield code="p">69455</subfield>
   <subfield code="q">69455</subfield>
   <subfield code="t">NOLOAN</subfield>
   <subfield code="v">τομ.38;τεύχ.1:(Μήνες)Ιαν./Φεβ./Μάρ.;(Έτος)2010</subfield>
   <subfield code="y">23</subfield>
  </datafield>
  <datafield tag="852" ind1=" " ind2=" ">
   <subfield code="a">INST</subfield>
   <subfield code="b">UNIPILB</subfield>
   <subfield code="c">SERIALS</subfield>
   <subfield code="e">20101025</subfield>
   <subfield code="h">Αλφαβητική σειρά</subfield>
   <subfield code="p">70396</subfield>
   <subfield code="q">70396</subfield>
   <subfield code="t">NOLOAN</subfield>
   <subfield code="v">τομ.38;τεύχ.2:(Μήνες)Απρ./Μάϊος/Ιούν.;(Έτος)2010</subfield>
   <subfield code="y">23</subfield>
  </datafield>
  <datafield tag="852" ind1=" " ind2=" ">
   <subfield code="a">INST</subfield>
   <subfield code="b">UNIPILB</subfield>
   <subfield code="c">SERIALS</subfield>
   <subfield code="e">20101221</subfield>
   <subfield code="h">Αλφαβητική σειρά</subfield>
   <subfield code="p">70745</subfield>
   <subfield code="q">70745</subfield>
   <subfield code="t">NOLOAN</subfield>
   <subfield code="v">τομ.38;τεύχ.3:(Μήνες)Ιούλ./Αύγ.;(Έτος)2010</subfield>
   <subfield code="y">23</subfield>
  </datafield>
  <datafield tag="852" ind1=" " ind2=" ">
   <subfield code="a">INST</subfield>
   <subfield code="b">UNIPILB</subfield>
   <subfield code="c">SERIALS</subfield>
   <subfield code="e">20110228</subfield>
   <subfield code="h">Αλφαβητική σειρά</subfield>
   <subfield code="p">71225</subfield>
   <subfield code="q">71225</subfield>
   <subfield code="t">NOLOAN</subfield>
   <subfield code="v">τομ.38;τεύχ.4:(Μήνες)Σεπ./Οκτ.;(Έτος)2010</subfield>
   <subfield code="y">23</subfield>
  </datafield>
  <datafield tag="852" ind1=" " ind2=" ">
   <subfield code="a">INST</subfield>
   <subfield code="b">UNIPILB</subfield>
   <subfield code="c">SERIALS</subfield>
   <subfield code="e">20110406</subfield>
   <subfield code="h">Αλφαβητική σειρά</subfield>
   <subfield code="p">71575</subfield>
   <subfield code="q">71575</subfield>
   <subfield code="t">NOLOAN</subfield>
   <subfield code="v">τομ.38;τεύχ.5:(Μήνες)Νοέμ./Δεκ.;(Έτος)2010</subfield>
   <subfield code="y">23</subfield>
  </datafield>
  <datafield tag="852" ind1=" " ind2=" ">
   <subfield code="a">INST</subfield>
   <subfield code="b">UNIPILB</subfield>
   <subfield code="c">SERIALS</subfield>
   <subfield code="e">20110714</subfield>
   <subfield code="h">Αλφαβητική σειρά</subfield>
   <subfield code="p">72286</subfield>
   <subfield code="q">72286</subfield>
   <subfield code="t">NOLOAN</subfield>
   <subfield code="v">τομ.39;τεύχ.1:(Μήνες)Ιαν./Φεβ./Μάρ.;(Έτος)2011</subfield>
   <subfield code="y">23</subfield>
  </datafield>
  <datafield tag="852" ind1=" " ind2=" ">
   <subfield code="a">INST</subfield>
   <subfield code="b">UNIPILB</subfield>
   <subfield code="c">SERIALS</subfield>
   <subfield code="e">20111102</subfield>
   <subfield code="h">Αλφαβητική σειρά</subfield>
   <subfield code="p">73217</subfield>
   <subfield code="q">73217</subfield>
   <subfield code="t">NOLOAN</subfield>
   <subfield code="v">τομ.39;τεύχ.2:(Μήνες)Μάρ./Απρ./Μάϊος;(Έτος)2011</subfield>
   <subfield code="y">23</subfield>
  </datafield>
  <datafield tag="852" ind1=" " ind2=" ">
   <subfield code="a">INST</subfield>
   <subfield code="b">UNIPILB</subfield>
   <subfield code="c">SERIALS</subfield>
   <subfield code="e">20111221</subfield>
   <subfield code="h">Αλφαβητική σειρά</subfield>
   <subfield code="p">73882</subfield>
   <subfield code="q">73882</subfield>
   <subfield code="t">NOLOAN</subfield>
   <subfield code="v">τομ.39;τεύχ.3:(Μήνες)Ιούλ./Αύγ.;(Έτος)2011</subfield>
   <subfield code="y">23</subfield>
  </datafield>
  <datafield tag="852" ind1=" " ind2=" ">
   <subfield code="a">INST</subfield>
   <subfield code="b">UNIPILB</subfield>
   <subfield code="c">SERIALS</subfield>
   <subfield code="e">20120209</subfield>
   <subfield code="h">Αλφαβητική σειρά</subfield>
   <subfield code="p">74427</subfield>
   <subfield code="q">74427</subfield>
   <subfield code="t">NOLOAN</subfield>
   <subfield code="v">τομ.39;τεύχ.4:(Μήνες)Σεπ./Οκτ.;(Έτος)2011</subfield>
   <subfield code="y">23</subfield>
  </datafield>
  <datafield tag="852" ind1=" " ind2=" ">
   <subfield code="a">INST</subfield>
   <subfield code="b">UNIPILB</subfield>
   <subfield code="c">SERIALS</subfield>
   <subfield code="e">20120423</subfield>
   <subfield code="h">Αλφαβητική σειρά</subfield>
   <subfield code="p">75231</subfield>
   <subfield code="q">75231</subfield>
   <subfield code="t">NOLOAN</subfield>
   <subfield code="v">τομ.39;τεύχ.1:(Μήνες)Νοεμ./Δεκ.;(Έτος)2011</subfield>
   <subfield code="y">23</subfield>
  </datafield>
  <datafield tag="852" ind1=" " ind2=" ">
   <subfield code="a">INST</subfield>
   <subfield code="b">UNIPILB</subfield>
   <subfield code="c">SERIALS</subfield>
   <subfield code="e">20120706</subfield>
   <subfield code="h">Αλφαβητική σειρά</subfield>
   <subfield code="p">76017</subfield>
   <subfield code="q">76017</subfield>
   <subfield code="t">NOLOAN</subfield>
   <subfield code="v">τομ.40;τεύχ.1:(Μήνες)Ιαν./Φεβ./Μαρτ.;(Έτος)2012</subfield>
   <subfield code="y">23</subfield>
  </datafield>
  <datafield tag="852" ind1=" " ind2=" ">
   <subfield code="a">INST</subfield>
   <subfield code="b">UNIPILB</subfield>
   <subfield code="c">SERIALS</subfield>
   <subfield code="e">20121004</subfield>
   <subfield code="h">Αλφαβητική σειρά</subfield>
   <subfield code="p">76694</subfield>
   <subfield code="q">76694</subfield>
   <subfield code="t">NOLOAN</subfield>
   <subfield code="v">τομ.40;τεύχ.2:(Μήνες)Απρ./Μάιος/Ιούν.;(Έτος)2012</subfield>
   <subfield code="y">23</subfield>
  </datafield>
  <datafield tag="852" ind1=" " ind2=" ">
   <subfield code="a">INST</subfield>
   <subfield code="b">UNIPILB</subfield>
   <subfield code="c">SERIALS</subfield>
   <subfield code="e">20121206</subfield>
   <subfield code="h">Αλφαβητική σειρά</subfield>
   <subfield code="p">77300</subfield>
   <subfield code="q">77300</subfield>
   <subfield code="t">NOLOAN</subfield>
   <subfield code="v">τομ.40;τεύχ.3:(Μήνες)Ιουλ./Αυγ.;(Έτος)2012</subfield>
   <subfield code="y">23</subfield>
  </datafield>
  <datafield tag="852" ind1=" " ind2=" ">
   <subfield code="a">INST</subfield>
   <subfield code="b">UNIPILB</subfield>
   <subfield code="c">SERIALS</subfield>
   <subfield code="e">20130212</subfield>
   <subfield code="h">Αλφαβητική σειρά</subfield>
   <subfield code="p">77930</subfield>
   <subfield code="q">77930</subfield>
   <subfield code="t">NOLOAN</subfield>
   <subfield code="v">τομ.40;τεύχ.4:(Μήνες)Οκτ./Νοέμ./Δεκ.;(Έτος)2012</subfield>
   <subfield code="y">23</subfield>
  </datafield>
  <datafield tag="852" ind1=" " ind2=" ">
   <subfield code="a">INST</subfield>
   <subfield code="b">UNIPILB</subfield>
   <subfield code="c">SERIALS</subfield>
   <subfield code="e">20130212</subfield>
   <subfield code="h">Αλφαβητική σειρά</subfield>
   <subfield code="p">77931</subfield>
   <subfield code="q">77931</subfield>
   <subfield code="t">NOLOAN</subfield>
   <subfield code="v">τομ.39 Ευρετήριο:(Έτος)2011</subfield>
   <subfield code="y">23</subfield>
  </datafield>
  <datafield tag="852" ind1=" " ind2=" ">
   <subfield code="a">INST</subfield>
   <subfield code="b">UNIPILB</subfield>
   <subfield code="c">SERIALS</subfield>
   <subfield code="e">20130415</subfield>
   <subfield code="h">Αλφαβητική σειρά</subfield>
   <subfield code="p">79056</subfield>
   <subfield code="q">79056</subfield>
   <subfield code="t">NOLOAN</subfield>
   <subfield code="v">τομ.40;τεύχ.5:(Μήνες)Νοεμ./Δεκ.;(Έτος)2012</subfield>
   <subfield code="y">23</subfield>
  </datafield>
  <datafield tag="852" ind1=" " ind2=" ">
   <subfield code="a">INST</subfield>
   <subfield code="b">UNIPILB</subfield>
   <subfield code="c">SERIALS</subfield>
   <subfield code="e">20130705</subfield>
   <subfield code="h">Αλφαβητική σειρά</subfield>
   <subfield code="p">80266</subfield>
   <subfield code="q">80266</subfield>
   <subfield code="t">NOLOAN</subfield>
   <subfield code="v">τομ.41;τεύχ.1:(Μήνες)Ιαν./Φεβ./Μαρτ.;(Έτος)2013</subfield>
   <subfield code="y">23</subfield>
  </datafield>
  <datafield tag="852" ind1=" " ind2=" ">
   <subfield code="a">INST</subfield>
   <subfield code="b">UNIPILB</subfield>
   <subfield code="c">SERIALS</subfield>
   <subfield code="e">20131008</subfield>
   <subfield code="h">Αλφαβητική σειρά</subfield>
   <subfield code="p">81046</subfield>
   <subfield code="q">81046</subfield>
   <subfield code="t">NOLOAN</subfield>
   <subfield code="v">τομ.41;τεύχ.2:(Μήνες)Απρίλιος/Μάιος/Ιούνιος;(Έτος)2013</subfield>
   <subfield code="y">23</subfield>
  </datafield>
  <datafield tag="852" ind1=" " ind2=" ">
   <subfield code="a">INST</subfield>
   <subfield code="b">UNIPILB</subfield>
   <subfield code="c">SERIALS</subfield>
   <subfield code="e">20131008</subfield>
   <subfield code="h">Αλφαβητική σειρά</subfield>
   <subfield code="p">81048</subfield>
   <subfield code="q">81048</subfield>
   <subfield code="t">NOLOAN</subfield>
   <subfield code="v">τομ.40 Ευρετήριο:(Έτος)2012</subfield>
   <subfield code="y">23</subfield>
  </datafield>
  <datafield tag="852" ind1=" " ind2=" ">
   <subfield code="a">INST</subfield>
   <subfield code="b">UNIPILB</subfield>
   <subfield code="c">SERIALS</subfield>
   <subfield code="e">20131211</subfield>
   <subfield code="h">Αλφαβητική σειρά</subfield>
   <subfield code="p">81644</subfield>
   <subfield code="q">81644</subfield>
   <subfield code="t">NOLOAN</subfield>
   <subfield code="v">τομ.41;τεύχ.3:(Μήνες)Ιούλ./Αυγ.;(Έτος)2013</subfield>
   <subfield code="y">23</subfield>
  </datafield>
  <datafield tag="852" ind1=" " ind2=" ">
   <subfield code="a">INST</subfield>
   <subfield code="b">UNIPILB</subfield>
   <subfield code="c">SERIALS</subfield>
   <subfield code="e">20140210</subfield>
   <subfield code="h">Αλφαβητική σειρά</subfield>
   <subfield code="p">82008</subfield>
   <subfield code="q">82008</subfield>
   <subfield code="t">NOLOAN</subfield>
   <subfield code="v">τομ.41;τεύχ.4:(Μήνες)Σεπτ./Οκτ.;(Έτος)2013</subfield>
   <subfield code="y">23</subfield>
  </datafield>
  <datafield tag="852" ind1=" " ind2=" ">
   <subfield code="a">INST</subfield>
   <subfield code="b">UNIPILB</subfield>
   <subfield code="c">SERIALS</subfield>
   <subfield code="e">20140407</subfield>
   <subfield code="h">Αλφαβητική σειρά</subfield>
   <subfield code="p">82733</subfield>
   <subfield code="q">82733</subfield>
   <subfield code="t">NOLOAN</subfield>
   <subfield code="v">τομ.41;τεύχ.5:(Μήνες)Νοεμ./Δεκ.;(Έτος)2013</subfield>
   <subfield code="y">23</subfield>
  </datafield>
  <datafield tag="852" ind1=" " ind2=" ">
   <subfield code="a">INST</subfield>
   <subfield code="b">UNIPILB</subfield>
   <subfield code="c">SERIALS</subfield>
   <subfield code="e">20140718</subfield>
   <subfield code="h">Αλφαβητική σειρά</subfield>
   <subfield code="p">84347</subfield>
   <subfield code="q">84347</subfield>
   <subfield code="t">NOLOAN</subfield>
   <subfield code="v">τομ.42;τεύχ.1:(Μήνες)Ιαν./Φεβ./Μάρ.;(Έτος)2014</subfield>
   <subfield code="y">23</subfield>
  </datafield>
  <datafield tag="900" ind1=" " ind2=" ">
   <subfield code="a">Τομ. 42 τχ. 2 (Απρ./Μάιος/Ιούν. 2014)</subfield>
   <subfield code="b">Οφειλόμενο</subfield>
   <subfield code="c">13/06/2017</subfield>
  </datafield>
  <datafield tag="950" ind1=" " ind2=" ">
   <subfield code="a">01/01/2004</subfield>
   <subfield code="c">ΑΓΝΩΣΤΟΣ</subfield>
   <subfield code="d">173</subfield>
  </datafield>
  <datafield tag="951" ind1=" " ind2=" ">
   <subfield code="a">Τομ. 42 τχ. 1 (Ιαν./Φεβ./Μάρ. 2014)</subfield>
   <subfield code="b">Main run</subfield>
  </datafield>
  <datafield tag="951" ind1=" " ind2=" ">
   <subfield code="a">(2007) - (2010)</subfield>
   <subfield code="b">Indexes</subfield>
  </datafield>
  <datafield tag="951" ind1=" " ind2=" ">
   <subfield code="a">Τομ. 39  (Ευρετήριο 2011)</subfield>
   <subfield code="b">Indexes</subfield>
  </datafield>
  <datafield tag="951" ind1=" " ind2=" ">
   <subfield code="a">Τομ. 40  (Ευρετήριο 2012)</subfield>
   <subfield code="b">Indexes</subfield>
  </datafield>
  <datafield tag="951" ind1=" " ind2=" ">
   <subfield code="a">Τομ. 1, τχ. 1 (Ιανουάριος 1973) -  (τ. 31, τχ. 6 (Δεκέβριος 2003)</subfield>
   <subfield code="b">Main run</subfield>
  </datafield>
  <datafield tag="951" ind1=" " ind2=" ">
   <subfield code="a">Τομ. 32 τχ. 1  (Ιαν./Φεβ./ Μάρτ. 2004)</subfield>
   <subfield code="b">Main run</subfield>
  </datafield>
  <datafield tag="951" ind1=" " ind2=" ">
   <subfield code="a">Τομ. 32 τχ. 2 (Απρ./Μάιος 2004)</subfield>
   <subfield code="b">Main run</subfield>
  </datafield>
  <datafield tag="951" ind1=" " ind2=" ">
   <subfield code="a">Τομ. 32 τχ. 3 (Ιούν./Ιούλ. 2004)</subfield>
   <subfield code="b">Main run</subfield>
  </datafield>
  <datafield tag="951" ind1=" " ind2=" ">
   <subfield code="a">Τομ. 32 τχ. 4 (Αύγ./Σεπ. 2004)</subfield>
   <subfield code="b">Main run</subfield>
  </datafield>
  <datafield tag="951" ind1=" " ind2=" ">
   <subfield code="a">Τομ. 32 τχ. 5  (Οκτ./Νοέμ. 2004)</subfield>
   <subfield code="b">Main run</subfield>
  </datafield>
  <datafield tag="951" ind1=" " ind2=" ">
   <subfield code="a">Τομ. 32 τχ. 6  (Δεκέμβριος 2004)</subfield>
   <subfield code="b">Main run</subfield>
  </datafield>
  <datafield tag="951" ind1=" " ind2=" ">
   <subfield code="a">Τομ. 33 τχ. 1  (Ιαν./Φεβ./Μάρ. 2005)</subfield>
   <subfield code="b">Main run</subfield>
  </datafield>
  <datafield tag="951" ind1=" " ind2=" ">
   <subfield code="a">Τομ. 33 τχ. 2  (Απρ./Μάιος 2005)</subfield>
   <subfield code="b">Main run</subfield>
  </datafield>
  <datafield tag="951" ind1=" " ind2=" ">
   <subfield code="a">Τομ. 33 τχ. 3  (Ιούν./Ιούλ. 2005)</subfield>
   <subfield code="b">Main run</subfield>
  </datafield>
  <datafield tag="951" ind1=" " ind2=" ">
   <subfield code="a">Τομ. 33 τχ. 4  (Αύγ./Σεπ. 2005)</subfield>
   <subfield code="b">Main run</subfield>
  </datafield>
  <datafield tag="951" ind1=" " ind2=" ">
   <subfield code="a">Τομ. 33 τχ. 5  (Οκτ./Νοέμ. 2005)</subfield>
   <subfield code="b">Main run</subfield>
  </datafield>
  <datafield tag="951" ind1=" " ind2=" ">
   <subfield code="a">Τομ. 34 τχ. 1  (Ιαν./Φεβ./Μάρ. 2006)</subfield>
   <subfield code="b">Main run</subfield>
  </datafield>
  <datafield tag="951" ind1=" " ind2=" ">
   <subfield code="a">Τομ. 34 τχ. 2  (Απρ./Μάϊος 2006)</subfield>
   <subfield code="b">Main run</subfield>
  </datafield>
  <datafield tag="951" ind1=" " ind2=" ">
   <subfield code="a">Τομ. 34 τχ. 3  (Ιούν./Ιούλ./Αύγ. 2006)</subfield>
   <subfield code="b">Main run</subfield>
  </datafield>
  <datafield tag="951" ind1=" " ind2=" ">
   <subfield code="a">Τομ. 34 τχ. 4  (Σεπ./Οκτ. 2006)</subfield>
   <subfield code="b">Main run</subfield>
  </datafield>
  <datafield tag="951" ind1=" " ind2=" ">
   <subfield code="a">Τομ. 34 τχ. 5  (Νοέμ./Δεκ. 2006)</subfield>
   <subfield code="b">Main run</subfield>
  </datafield>
  <datafield tag="951" ind1=" " ind2=" ">
   <subfield code="a">Τομ. 35 τχ. 1  (Ιαν./Φεβ./Μάρ. 2007)</subfield>
   <subfield code="b">Main run</subfield>
  </datafield>
  <datafield tag="951" ind1=" " ind2=" ">
   <subfield code="a">Τομ. 35 τχ. 2  (Απρ./Μάϊος 2007)</subfield>
   <subfield code="b">Main run</subfield>
  </datafield>
  <datafield tag="951" ind1=" " ind2=" ">
   <subfield code="a">Τομ. 35 τχ. 3  (Ιούν./Ιούλ./Αύγ. 2007)</subfield>
   <subfield code="b">Main run</subfield>
  </datafield>
  <datafield tag="951" ind1=" " ind2=" ">
   <subfield code="a">Τομ. 35 τχ. 4  (Σεπ./Οκτ. 2007)</subfield>
   <subfield code="b">Main run</subfield>
  </datafield>
  <datafield tag="951" ind1=" " ind2=" ">
   <subfield code="a">Τομ. 35 τχ. 5  (Νοέμ./Δεκ. 2007)</subfield>
   <subfield code="b">Main run</subfield>
  </datafield>
  <datafield tag="951" ind1=" " ind2=" ">
   <subfield code="a">Τομ. 36 τχ. 1  (Ιαν./Φεβ./Μάρ. 2008)</subfield>
   <subfield code="b">Main run</subfield>
  </datafield>
  <datafield tag="951" ind1=" " ind2=" ">
   <subfield code="a">Τομ. 36 τχ. 2  (Απρ./Μάϊος/Ιούν. 2008)</subfield>
   <subfield code="b">Main run</subfield>
  </datafield>
  <datafield tag="951" ind1=" " ind2=" ">
   <subfield code="a">Τομ. 36 τχ. 3  (Ιούλ./Αύγ. 2008)</subfield>
   <subfield code="b">Main run</subfield>
  </datafield>
  <datafield tag="951" ind1=" " ind2=" ">
   <subfield code="a">Τομ. 36 τχ. 4  (Σεπ./Οκτ. 2008)</subfield>
   <subfield code="b">Main run</subfield>
  </datafield>
  <datafield tag="951" ind1=" " ind2=" ">
   <subfield code="a">Τομ. 36 τχ. 5  (Νοέμ./Δεκ. 2008)</subfield>
   <subfield code="b">Main run</subfield>
  </datafield>
  <datafield tag="951" ind1=" " ind2=" ">
   <subfield code="a">Τομ. 37 τχ. 1  (Ιαν./Φεβ./Μάρτ. 2009)</subfield>
   <subfield code="b">Main run</subfield>
  </datafield>
  <datafield tag="951" ind1=" " ind2=" ">
   <subfield code="a">Τομ. 37 τχ. 2  (Απρ./Μάϊος/Ιούν. 2009)</subfield>
   <subfield code="b">Main run</subfield>
  </datafield>
  <datafield tag="951" ind1=" " ind2=" ">
   <subfield code="a">Τομ. 37 τχ. 3  (Ιούλ./Αύγ. 2009)</subfield>
   <subfield code="b">Main run</subfield>
  </datafield>
  <datafield tag="951" ind1=" " ind2=" ">
   <subfield code="a">Τομ. 37 τχ. 4  (Σεπ./Οκτ. 2009)</subfield>
   <subfield code="b">Main run</subfield>
  </datafield>
  <datafield tag="951" ind1=" " ind2=" ">
   <subfield code="a">Τομ. 37 τχ. 5  (Νοέμ./Δεκ. 2009)</subfield>
   <subfield code="b">Main run</subfield>
  </datafield>
  <datafield tag="951" ind1=" " ind2=" ">
   <subfield code="a">Τομ. 38 τχ. 1  (Ιαν./Φεβ./Μάρ. 2010)</subfield>
   <subfield code="b">Main run</subfield>
  </datafield>
  <datafield tag="951" ind1=" " ind2=" ">
   <subfield code="a">Τομ. 38 τχ. 2  (Απρ./Μάϊος/Ιούν. 2010)</subfield>
   <subfield code="b">Main run</subfield>
  </datafield>
  <datafield tag="951" ind1=" " ind2=" ">
   <subfield code="a">Τομ. 38 τχ. 3  (Ιούλ./Αύγ. 2010)</subfield>
   <subfield code="b">Main run</subfield>
  </datafield>
  <datafield tag="951" ind1=" " ind2=" ">
   <subfield code="a">Τομ. 38 τχ. 4  (Σεπ./Οκτ. 2010)</subfield>
   <subfield code="b">Main run</subfield>
  </datafield>
  <datafield tag="951" ind1=" " ind2=" ">
   <subfield code="a">Τομ. 38 τχ. 5  (Νοέμ./Δεκ. 2010)</subfield>
   <subfield code="b">Main run</subfield>
  </datafield>
  <datafield tag="951" ind1=" " ind2=" ">
   <subfield code="a">Τομ. 39 τχ. 1  (Ιαν./Φεβ./Μάρ. 2011)</subfield>
   <subfield code="b">Main run</subfield>
  </datafield>
  <datafield tag="951" ind1=" " ind2=" ">
   <subfield code="a">Τομ. 39 τχ. 2  (Μάρ./Απρ./Μάϊος 2011)</subfield>
   <subfield code="b">Main run</subfield>
  </datafield>
  <datafield tag="951" ind1=" " ind2=" ">
   <subfield code="a">Τομ. 39 τχ. 3  (Ιούλ./Αύγ. 2011)</subfield>
   <subfield code="b">Main run</subfield>
  </datafield>
  <datafield tag="951" ind1=" " ind2=" ">
   <subfield code="a">Τομ. 39 τχ. 4  (Σεπ./Οκτ. 2011)</subfield>
   <subfield code="b">Main run</subfield>
  </datafield>
  <datafield tag="951" ind1=" " ind2=" ">
   <subfield code="a">Τομ. 39 τχ.1  (Νοεμ./Δεκ. 2011)</subfield>
   <subfield code="b">Main run</subfield>
  </datafield>
  <datafield tag="951" ind1=" " ind2=" ">
   <subfield code="a">Τομ. 40 τχ. 1  (Ιαν./Φεβ./Μαρτ. 2012)</subfield>
   <subfield code="b">Main run</subfield>
  </datafield>
  <datafield tag="951" ind1=" " ind2=" ">
   <subfield code="a">Τομ. 40 τχ. 2 (Απρ./Μάιος/Ιούν. 2012)</subfield>
   <subfield code="b">Main run</subfield>
  </datafield>
  <datafield tag="951" ind1=" " ind2=" ">
   <subfield code="a">Τομ. 40 τχ. 3  (Ιουλ./Αυγ. 2012)</subfield>
   <subfield code="b">Main run</subfield>
  </datafield>
  <datafield tag="951" ind1=" " ind2=" ">
   <subfield code="a">Τομ. 40 τχ. 4 (Οκτ./Νοέμ./Δεκ. 2012)</subfield>
   <subfield code="b">Main run</subfield>
  </datafield>
  <datafield tag="951" ind1=" " ind2=" ">
   <subfield code="a">Τομ. 40 τχ. 5  (Νοεμ./Δεκ. 2012)</subfield>
   <subfield code="b">Main run</subfield>
  </datafield>
  <datafield tag="951" ind1=" " ind2=" ">
   <subfield code="a">Τομ. 41 τχ. 1  (Ιαν./Φεβ./Μαρτ. 2013)</subfield>
   <subfield code="b">Main run</subfield>
  </datafield>
  <datafield tag="951" ind1=" " ind2=" ">
   <subfield code="a">Τομ. 41 τχ. 2  (Απρίλιος/Μαϊος/Ιούνιος 2013)</subfield>
   <subfield code="b">Main run</subfield>
  </datafield>
  <datafield tag="951" ind1=" " ind2=" ">
   <subfield code="a">Τομ. 41 τχ. 3  (Ιούλ./Αυγ. 2013)</subfield>
   <subfield code="b">Main run</subfield>
  </datafield>
  <datafield tag="951" ind1=" " ind2=" ">
   <subfield code="a">Τομ. 41 τχ. 4  (Σεπτ./Οκτ. 2013)</subfield>
   <subfield code="b">Main run</subfield>
  </datafield>
  <datafield tag="951" ind1=" " ind2=" ">
   <subfield code="a">Τομ. 41 τχ. 5  (Νοεμ./Δεκ. 2013)</subfield>
   <subfield code="b">Main run</subfield>
  </datafield>
  <datafield tag="952" ind1=" " ind2=" ">
   <subfield code="a">2000</subfield>
  </datafield>
 </record>
</collection>
